The ophthalmic assistant : (Record no. 2374)

MARC details
000 -LEADER
fixed length control field 03606cam a2200241 i 4500
008 - FIXED-LENGTH DATA ELEMENTS--GENERAL INFORMATION
fixed length control field 210716s2023 paua b 001 0 eng
020 ## - INTERNATIONAL STANDARD BOOK NUMBER
ISBN 9780323757546
100 ## - MAIN ENTRY--AUTHOR
Author Stein Harold A
245 04 - TITLE STATEMENT
Title The ophthalmic assistant :
Remainder of title a text for allied and associated ophthalmic personnel /
Statement of responsibility, etc [edited by] Harold A. Stein, MD, MSc(Ophth), FRCSC, DOMS(London), Professor of Ophthalmology and Visual Sciences, University of Toronto, Toronto, Ontario, Canada, Emeritus and Past Chairman, Department of Ophthalmology, Scarborough General Hospital, Scarborough, Ontario, Canada, Emeritus, Mount Sinai Hospital, Toronto, Ontario, Canada, Past Secretary General, International Contact Lens Society of Ophthalmologists, Denver, Colorado, Past President, International Joint Commission on Allied Health Personnel in Ophthalmology, St. Paul, Minnesota, Past President, Contact Lens Association of Ophthalmologists, New Orleans, Louisiana, Past President, Canadian Ophthalmological Society, Ottawa, Canada, Co-Director, Bochner Eye Institute, Toronto, Ontario, Canada, Raymond M. Stein, MD, FRCSC, Medical Director, Bochner Eye Institute, Toronto, Ontario, Canada, Professor of Ophthalmology and Visual Sciences, University of Toronto, Ontario, Canada, Board of Directors, Foundation Fighting Blindness, Toronto, Ontario, Canada, Attending Ophthalmologist, Scarborough Hospital, Scarborough, Ontario, Canada, Attending Ophthalmologist, Mount Sinai Hospital, Toronto, Ontario, Canada, Editor, Past President, Canadian Society of Cataract and Refractive Surgery, Montreal, Quebec, Canada, Past Commissioner, International Joint Commission on Allied Health Personnel in Ophthalmology, St. Paul, Minnesota, Melvin I. Freeman, MD, FACS, FACEHP, Clinical Professor of Ophthalmology, Emeritus, University of Washington School of Medicine, Seattle, Washington, Affiliate Clinical Investigator, Benaroya Research Institute at Virginia Mason, Seattle, Washington, Past Head, Section of Ophthalmology, Virginia Mason Clinic and Medical Center, Seattle, Washington, Medical Director, Emeritus, Department of Continuing Medical Education, Virginia Mason Medical Center, Seattle, Washington, Past President, Alliance for Continuing Medical Education, Birmingham, Alabama, Past President, Contact Lens Association of Ophthalmologists, New Orleans, Louisiana, Past President, International Joint Commission on Allied Health Personnel in Ophthalmology, St. Paul, Minnesota, Chair, Joint Commission on Allied Health Personnel in Ophthalmology Education and Research Foundation, St. Paul, Minnesota, Rebecca L. Stein, MD, FRCSC, Medical Degree from University of St. Andrews, Scotland, and University of Manchester, England, Ophthalmology Residency, University of Toronto, Ontario, Canada, Fellowship in Cornea, External Disease, Cataract, and Refractive Surgery, Ophthalmic Consultants of Long Island, New York, Staff Ophthalmologist, Bochner Eye Institute, Toronto, Ontario, Canada.
250 ## - EDITION STATEMENT
Edition statement Eleventh edition.
260 ## - PUBLICATION, DISTRIBUTION, ETC. (IMPRINT)
Place of publication Philadelpia
Name of publisher Elsevier Ltd
Date of publication 2023
300 ## - COLLATION
Pagination xv, 874 pages :
Other physical details color illustrations ;
500 ## - GENERAL NOTE
General note Revised edition of: Ophthalmic assistant / [edited by] Harold A. Stein, Raymond M. Stein, Melvin I. Freeman. Tenth edition. [2018].
500 ## - GENERAL NOTE
General note "Previous editions copyrighted 2018, 2013, 2006, 2000, 1994, 1988, 1983, 1976, 1971, and 1968"-- title page verso.
650 #0 - TRACINGS
Main Subject Ophthalmic assistants.
650 #0 - TRACINGS
Main Subject Eye
Subdivision (2nd) Diseases.
700 1# - ADDITIONAL AUTHOR
Additional Author Stein, Harold A.
700 1# - ADDITIONAL AUTHOR
Additional Author Stein, Raymond M.,
700 1# - ADDITIONAL AUTHOR
Additional Author Freeman, Melvin I.,
700 1# - ADDITIONAL AUTHOR
Additional Author Stein, Rebecca L.
942 ## - ADDED ENTRY ELEMENTS (KOHA)
Item type Books
050 00 - LIBRARY OF CONGRESS CALL NUMBER
Classification number RE72.5
Item number .S84 2023
Holdings
Source of classification or shelving scheme Not for loan Permanent location Current location Date acquired Accession No. Full call number Barcode. Koha item type
Library of Congress Classification   Medical Library Medical Library 03/17/2025 2024/64070 RE72.5.S74 2025-0641 Books